LEADER 01199nas 2200385-a 450 001 996200123603316 005 20190718055859.4 035 $a(OCoLC)732621856 035 $a(CKB)110978978744107 035 $a(CONSER)--2011238510 035 $a(EXLCZ)99110978978744107 100 $a20110623a19989999 --- - 101 0 $aeng 181 $ctxt$2rdacontent 182 $cn$2rdamedia 200 00$aFOW 210 $aWorcester Park, Surrey $cMetal Bulletin PLC$d1999- 300 $a"Intermarket intelligence for the risk professional." (varies), Sept. 1999-Oct. 2005. 300 $a"The Global derivatives magazine.", Nov. 2005- 311 $a1462-9658 517 1 $aFutures & options world 531 $aFUTURES & OTC WORLD 606 $aFutures market$vPeriodicals 606 $aOptions (Finance)$vPeriodicals 606 $aFutures market$2fast$3(OCoLC)fst00936766 606 $aOptions (Finance)$2fast$3(OCoLC)fst01046893 608 $aPeriodicals.$2fast 615 0$aFutures market 615 0$aOptions (Finance) 615 7$aFutures market. 615 7$aOptions (Finance) 906 $aJOURNAL 912 $a996200123603316 996 $aFOW$92336303 997 $aUNISA